000 00306nam a22001337a 4500
008 170927b xxu||||| |||| 00| 0 eng d
020 _a9781585611003
041 _aeng
080 _a37
100 _a46
101 _aEDU
245 _aSHURLEY ENGLISH ENGLISH MADE EASY
_cFRNALIN.E
942 _2udc
_cBK
999 _c30193
_d30193